| 000 | 00904nam a2200229 i 4500 | ||
|---|---|---|---|
| 001 | 84824 | ||
| 003 | ES-MaACL | ||
| 005 | 20250901043409.0 | ||
| 007 | t| | ||
| 008 | 041124s1984 sp ||||1| spa d | ||
| 020 | _a84-505-0184-9 | ||
| 111 | 2 |
_aJornadas de Encuentro entre Países de Habla Hispana ( _n1ª. _d1983. _cMadrid) _9791 |
|
| 245 | 1 | 3 |
_aLa mujer en el derecho : _bprimeras Jornadas de Encuentro entre Países de Habla Hispana / _cFederación Internacional de Mujeres de Carreras Jurídicas. |
| 260 |
_aMadrid : _bInstituto de la Mujer, _c[1984] |
||
| 300 |
_a421 p. ; _c24 cm. |
||
| 650 | 4 |
_aMujeres- _xEstatuto jurídico- _vCongresos y asambleas. _9174149 |
|
| 650 | 4 |
_aMujeres- _xDerechos _915263 |
|
| 710 | 2 |
_aFederación Internacional de Mujeres de Carreras Jurídicas. _94109 |
|
| 710 | 2 |
_aInstituto de la Mujer (España) _94980 |
|
| 852 | 4 |
_aES-MaACL _jL-9036 |
|
| 999 |
_c84824 _d84824 |
||